| 000 | 00489nam a2200181Ia 4500 | ||
|---|---|---|---|
| 001 | 21376 | ||
| 005 | 20260306172914.0 | ||
| 008 | 260306t2009||||xx |||||||||||||| ||spa|| | ||
| 041 | _aESP | ||
| 082 |
_a344.7 _bD89 |
||
| 100 |
_aDonayre Montesinos, Christian, _eAUT |
||
| 245 | 0 | _aLa justicia militar en el derecho comparado y en la jurisprudencia constitucional | |
| 260 | _c2009 | ||
| 300 |
_a291 páginas : _c24 cm. |
||
| 650 | _aGEN | ||
| 654 | _aCDE | ||
| 942 |
_cLIB _dJUS _fJUS _2ddc _n |
||
| 999 |
_c21376 _d21376 |
||